01207cam a22002171 4500001001300000003000400013005001700017008004100034010001700075035001900092040004600111050001900157110014400176245029800320260008300618300004400701500003300745500015300778650003700931700002100968e 17000304 DLC20260227111207.0790213s1917 xx 000 0 eng c ae 17000304  a(OCoLC)4650517 aLibrary, U.S. Bur. of EducationcOCldDLC00aHV3006.C2bA451 aCalifornia.bLegislature.bCommittee on mental deficiency and the proposed institution for the care of feeble-minded and epileptic persons.00aReport of 1915 Legislature committee on mental deficiency and the proposed institution for the care of feeble-minded and epileptic persons,bpursuant to the provisions of chapter 729, statutes of 1915,cby the committee: Fred. C. Nelles, chairman. Transmitted to the Legislature, January 1917. a[Whittier, Cal.,bWhittier state school, Dept. of printing instruction,c1917] a68, 16 p., 1 l., vi p.bdiagrs.c23 cm. a"Note" inserted after p. vi. aCommittee composed of superintendent and trustees of Whittier state school and two persons designated by the Psychopathic association of California. 0aPeople with mental disabilities.1 aNelles, Fred. C.